MARC details
| 000 -LEADER |
| fixed length control field |
02453cam a2200385 a 4500 |
| 001 - CONTROL NUMBER |
| control field |
16834636 |
| 003 - CONTROL NUMBER IDENTIFIER |
| control field |
GZU |
| 005 - DATE AND TIME OF LATEST TRANSACTION |
| control field |
20240314112406.0 |
| 008 - FIXED-LENGTH DATA ELEMENTS--GENERAL INFORMATION |
| fixed length control field |
110615s2012 paua 001 0 eng |
| 010 ## - LIBRARY OF CONGRESS CONTROL NUMBER |
| LC control number |
2011025451 |
| 020 ## - INTERNATIONAL STANDARD BOOK NUMBER |
| International Standard Book Number |
9788184732207 |
| 022 ## - INTERNATIONAL STANDARD SERIAL NUMBER |
| International Standard Serial Number |
1451113420 |
| 035 ## - SYSTEM CONTROL NUMBER |
| System control number |
(DNLM)101562744 |
| 040 ## - CATALOGING SOURCE |
| Original cataloging agency |
DNLM/DLC |
| Transcribing agency |
DLC |
| Modifying agency |
DLC |
| 042 ## - AUTHENTICATION CODE |
| Authentication code |
pcc |
| 050 00 - LIBRARY OF CONGRESS CALL NUMBER |
| Classification number |
QM601 |
| Item number |
.LAN 2010 |
| 100 1# - MAIN ENTRY--PERSONAL NAME |
| Personal name |
Sadler, T. W. |
| Fuller form of name |
(Thomas W.) |
| Relator term |
author |
| 245 10 - TITLE STATEMENT |
| Title |
Langman's medical embryology / |
| Statement of responsibility, etc. |
T. W. Sadler |
| 246 30 - VARYING FORM OF TITLE |
| Title proper/short title |
Medical embryology |
| 250 ## - EDITION STATEMENT |
| Edition statement |
11th edition / |
| Remainder of edition statement |
T.W. Sadler ; original illustrations by Jill Leland ; computer illustrations by Susan L. Sadler-Redmond ; scanning electron micrographs by Kathy Tosney ; ultrasound images by Nancy Chescheir and Hytham Imseis. |
| 260 ## - PUBLICATION, DISTRIBUTION, ETC. |
| Place of publication, distribution, etc. |
Philadelphia : |
| Name of publisher, distributor, etc. |
Wolters Kluwer Health/Lippincott Williams & Wilkins, |
| Date of publication, distribution, etc. |
c2010. |
| 300 ## - PHYSICAL DESCRIPTION |
| Extent |
ix, 385 pages : |
| Other physical details |
illustrations (some colour) ; |
| Dimensions |
26 cm. |
| 500 ## - GENERAL NOTE |
| General note |
Includes index. |
| 504 ## - BIBLIOGRAPHY, ETC. NOTE |
| Bibliography, etc. note |
Includes bibliographical references and index |
| 505 ## - FORMATTED CONTENTS NOTE |
| Formatted contents note |
Embryology : old and new frontiers and an introduction to molecular regulation and signaling -- Gametogenesis : conversion of germ cells into male and female gametes -- First week of development : ovulation to implantation -- Second week of development : bilaminar germ disc -- Third week of development : trilaminar germ disc -- Third to eighth weeks : the embryonic period -- Third month to birth : the fetus and placenta -- Birth defects and prenatal diagnosis -- Skeletal system -- -- Muscular system -- Body cavities -- Cardiovascular system -- Respiratory system -- Digestive system -- Urogenital system -- Head and neck -- Central nervous system -- Ear -- Eye -- Integumentary system |
| 520 ## - SUMMARY, ETC. |
| Summary, etc. |
The brand new 11th edition of this respected text covers all aspects of embryology of interest to medical students & instructors, & includes clinical correlates that provide information on birth defects & other clinical entities directly related to embryologic concepts |
| 650 #0 - SUBJECT ADDED ENTRY--TOPICAL TERM |
| Topical term or geographic name entry element |
Embryology, Human |
| Form subdivision |
Textbooks. |
| 650 #0 - SUBJECT ADDED ENTRY--TOPICAL TERM |
| Topical term or geographic name entry element |
Abnormalities, Human |
| Form subdivision |
Textbooks. |
| 650 12 - SUBJECT ADDED ENTRY--TOPICAL TERM |
| Topical term or geographic name entry element |
Embryology. |
| 650 22 - SUBJECT ADDED ENTRY--TOPICAL TERM |
| Topical term or geographic name entry element |
Congenital Abnormalities. |
| 700 1# - ADDED ENTRY--PERSONAL NAME |
| Personal name |
Langman, Jan. |
| Title of a work |
Medical embryology. |
| 856 42 - ELECTRONIC LOCATION AND ACCESS |
| Materials specified |
Publisher description |
| Uniform Resource Identifier |
<a href="http://www.loc.gov/catdir/enhancements/fy1211/2011025451-d.html">http://www.loc.gov/catdir/enhancements/fy1211/2011025451-d.html</a> |
| 906 ## - LOCAL DATA ELEMENT F, LDF (RLIN) |
| a |
7 |
| b |
cbc |
| c |
orignew |
| d |
1 |
| e |
ecip |
| f |
20 |
| g |
y-gencatlg |
| 942 ## - ADDED ENTRY ELEMENTS (KOHA) |
| Source of classification or shelving scheme |
Library of Congress Classification |
| Koha item type |
Books |
| Edition |
Eleventh edition |
| Classification part |
601 |
| Item part |
LAN |
| Call number prefix |
QM |